Countries with a Proffesional Darts Player! - Statistics

General Stats
  • This quiz has been taken 343 times
  • The average score is 13 of 19
Answer Stats
Players Country % Correct
62 England
99%
17 Netherlands
96%
7 Scotland
94%
6 Wales
93%
4 Germany
91%
3 Ireland
88%
4 Belgium
83%
4 Australia
80%
3 Austria
80%
3 Spain
77%
4 Northern Ireland
76%
3 Canada
73%
1 Poland
67%
1 South Africa
51%
1 Latvia
48%
1 Croatia
38%
1 India
33%
1 Hong Kong
22%
1 Zimbabwe
5%
No matching quizzes found
Score Distribution
Percent of People with Each Score
Percentile by Number Answered
Your Score History
You have not taken this quiz